00874nam a2200277 u 4500001001000000003000900010005001700019008004100036020001500077040002200092092001400114245006400128260004000192300002800232500007800260650001600338650002700354700003500381700003100416700002200447700002000469942001200489956004100501956003900542999001500581000020267DO-SdBNP20150720105835.0100802s2000 dr r 000 0 spa d a8482613162 aBPJMBbspacBPJMB a374bM61800aMi comunidad /cMaría Isabel Incháustegui ... [et al.]. aSanto Domingo :bSantillana,c2000. a119 p. :bil. ;c26 cm. aMódulo III del primer curso del segundo ciclo de educación de adultos 4aEDUCACIÓN 4aEDUCACIÓN DE ADULTOS1 aIncháustegui, María Isabel1 aCruz, María Ramona de la1 aDíaz, Francisca1 aUribe, Mercedes 2ddccBK aKLANTIGUAb10c20100802lBND02h1430 aDGARCIAb10c20100804lBND01h1048 c7968d7968